Catálogo
 En Linea

Guía social : (Registro nro. 31565)

Detalles MARC
000 -CABECERA
campo de control de longitud fija 00455nam a2200145 a 4500
001 - NÚMERO DE CONTROL
campo de control 000032074
005 - FECHA Y HORA DE LA ÚLTIMA TRANSACCIÓN
campo de control 20200930063416.0
008 - DATOS DE LONGITUD FIJA--INFORMACIÓN GENERAL
campo de control de longitud fija 090429s1950 dr a 000 0 spa d
040 ## - FUENTE DE LA CATALOGACIÓN
Centro catalogador/agencia de origen DO-SdBNP
Lengua de catalogación spa
Centro/agencia transcriptor BNPHU
082 ## - NÚMERO DE LA CLASIFICACIÓN DECIMAL DEWEY
Número de clasificación xxxx
Número de documento/Ítem D186g
049 ## - FONDOS LOCALES (OCLC)
Fondos de biblioteca BNPD
245 10 - MENCIÓN DE TÍTULO
Título Guía social :
Resto del título República Dominicana 1949 -1950 /
Mención de responsabilidad, etc. presentación Diódoro Danilo.
260 ## - PUBLICACIÓN, DISTRIBUCIÓN, ETC.
Lugar de publicación, distribución, etc. Ciudad Trujillo, República Dominicana :
Nombre del editor, distribuidor, etc. [s. n.],
Fecha de publicación, distribución, etc. [1950].
300 ## - DESCRIPCIÓN FÍSICA
Extensión 421 p. : ;
Dimensiones 25 cm.
Existencias
Estado de retiro Estado de pérdida No para préstamo Código de colección Localización permanente Ubicación/localización actual Ubicación en estantería Fecha de adquisición Número de inventario Total de préstamos Signatura topográfica completa Código de barras Fecha visto por última vez Precio válido a partir de Tipo de ítem Koha
    Excluido de préstamo Patrimonio Dominicano Patrimonio Dominicano Patrimonio Dominicano En catalogación 12.07.2011 LF1   xxxx D186g 32074-10 25.06.2020 25.06.2020 Libro y Folleto Colección Patrimonio Dominicano

Con tecnología Koha